German realities (Record no. 436002)

000 -LEADER
fixed length control field 00298cam a22001097a 4500
008 - FIXED-LENGTH DATA ELEMENTS--GENERAL INFORMATION
fixed length control field 180718b1947 xxu||||| |||| 00| 0 eng d
082 ## - DEWEY DECIMAL CLASSIFICATION NUMBER
Classification number T19x43 St68
100 ## - MAIN ENTRY--PERSONAL NAME
Personal name Stolper, Gustav
245 ## - TITLE STATEMENT
Title German realities
Statement of responsibility, etc. by Gustav Stolper
260 ## - PUBLICATION, DISTRIBUTION, ETC.
Place of publication, distribution, etc. New York
Name of publisher, distributor, etc. Reynal and Hitchcock
Date of publication, distribution, etc. 1947
300 ## - PHYSICAL DESCRIPTION
Extent x,341p.
Holdings
Withdrawn status Lost status Damaged status Not for loan Permanent Location Current Location Date acquired Full call number Barcode Date last seen Price effective from Koha item type
        Indian Institute of Public Administration Indian Institute of Public Administration 2010-03-03 T19x43 St68 14023 2018-07-21 2018-07-21 Book

Powered by Koha